| 000 | 01070nam a2200325Ia 4500 | ||
|---|---|---|---|
| 001 | Z_1933 | ||
| 003 | CHAP | ||
| 008 | 220113s1996 xx 000 0 und d | ||
| 010 | _a163544 | ||
| 040 | _cCHAP | ||
| 090 | _aTesis A 1153 | ||
| 100 |
_aArellano Avilés, Raúl _96891 |
||
| 245 |
_aInfluencia del fotoperíodo y el nivel de alimentación en la reproducción de la oveja en México / _cpor Raúl Arellano Avilés y Aureliano Pacheco Aparicio |
||
| 260 |
_aChapingo, Méx. : _bEl autor, _c1996 |
||
| 300 | _a75 h. | ||
| 440 | _a | ||
| 502 | _aTesis (Ing. Agr. Esp. en Zootecnia) -- UACH. Departamento de Zootecnia | ||
| 503 | _a | ||
| 650 |
_aFotoperíodo _942735 |
||
| 650 |
_aGanado lanar _xAlimentación _945153 |
||
| 650 |
_aGanado lanar _xMéxico _945198 |
||
| 650 |
_aGanado lanar _xReproducción _945220 |
||
| 650 |
_aLuz _xEfecto en animales I. UACH. Departamento de Zootecnia II. t. III. Pacheco Aparicio, Aureliano _9137709 |
||
| 901 | _aTesis A 1153 | ||
| 902 | _aA | ||
| 910 | _a1996 | ||
| 942 | _c2 | ||
| 942 | _c2 | ||
| 999 |
_c163544 _d163544 |
||